Código Penal: sistematizado con jurisprudencia

Gorde:
Xehetasun bibliografikoak
Erakunde egilea: Chile
Beste egile batzuk: Matus Acuña, Jean Pierre
Formatua: Liburua
Hizkuntza:gaztelania
Argitaratua: Santiago, Chile: Legal Publishing; Thomson Reuters, 2015
Gaiak:
Etiketak: Etiketa erantsi
Etiketarik gabe, Izan zaitez lehena erregistro honi etiketa jartzen!

MARC

LEADER 00000cam a2200000 a 4500
001 UCE8116
003 CL-VaPUC
005 20240912155910.0
008 150728e20150000cl |||||||||||||||||spa|d
999 |c 360066  |d 360064 
020 |a 9789563466867 
040 |c Pontificia Universidad Católica de Valparaíso 
082 0 4 |a 345.83 CHI 2015  |2 21 
110 1 |a Chile  |9 890760 
245 1 0 |a Código Penal: sistematizado con jurisprudencia 
260 |a Santiago, Chile:  |b Legal Publishing;  |b Thomson Reuters,  |c 2015 
300 |a 808 páginas 
505 |a Mensaje del Gobierno acompañando el presente Código Penal al Congreso Conciudadanos del Senado y de la Cámara de Diputados. -Libro Primero. -Libro Segundo. Crímenes y Simples Delitos y sus Penas. -Libro Tercero. 
583 |a last modification  |c 20150728 02:04:00  |k Rodrigo Vera 
650 1 |a Código penal chileno   |9 484032 
650 1 |a Derecho penal chileno  |9 891349 
650 1 |a Delitos  |z Chile  |9 891350 
650 1 |a Penas   |z Chile  |9 890554 
650 1 |a Crímenes  |z Chile  |9 890555 
650 1 |a Jurisprudencia penal  |9 256149 
700 |a Matus Acuña, Jean Pierre  |9 891351 
942 |c BK  |2 ddc 
945 |d 20150728 02:04:00  |a dcastane 
952 |0 0  |1 0  |3 erb  |4 0  |6 345_830000000000000_CHI_2015  |7 0  |8 R  |9 469693  |a BIBDER  |b BIBDER  |i 5191025  |l 3  |o 345.83 CHI 2015  |p 5191025  |r 2023-08-18  |s 2023-08-18  |w 2019-11-23  |y BK_R  |z Catalogado en:20150728  |k DER